00313nam a2200121Ia 4500008004100000020001500041041001200056082001600068100001500084245005200099260002500151650001500176221030s9999 xx 000 0 und d a0070447608 aEnglish a105.23bJai aP. L. Jain 0aPrinciples of Foundry Technologycby P. L. Jain bTMHaNew Delhic2006 aMechanical